000 00654nam a2200205Ia 4500
999 _c39366
_d39366
003 GCL
005 20240530103433.0
008 140319s9999 xx 000 0 ara d
040 _aGCL /
_cGCL
082 0 4 _a962.076/
_bق/ج ع
_221
100 1 _aجمال سليم
245 1 0 _aعصر الديموكتاتورية :
_bمذبحة مجلس الشعب /
_cجمال سليم
300 _a628 ص
650 0 4 _aالاحوال السياسية
650 0 4 _aالدستور
650 0 4 _aالهيئات التشريعية
650 0 4 _aالدكتاتورية
650 0 4 _aمصر - تاريخ - العصر الحديث (1805 - 1956 )
942 _2ddc
_cBK